His name was Raoul Wallenberg : courage, rescue, and mystery during World War II /
An amazing and inspirational World War II story about how one man saved the lives of many.
| Main Author: | |
|---|---|
| Format: | Book |
| Language: | English |
| Published: |
Boston :
Houghton Mifflin,
2012.
|
| Subjects: | |
| Online Access: | Contributor biographical information Publisher description |
MARC
| Tag | First Indicator | Second Indicator | Subfields |
|---|---|---|---|
| LEADER | 00000cam a2200000 a 4500 | ||
| 001 | in00002811503 | ||
| 005 | 20151203083934.0 | ||
| 008 | 110125s2012 mauab b 001 0 eng | ||
| 010 | |a 2011003451 | ||
| 020 | |a 9780618507559 | ||
| 020 | |a 0618507558 | ||
| 029 | 1 | |a NZ1 |b 14644946 | |
| 035 | |a (OCoLC)ocn694829903 | ||
| 035 | |a (OCoLC)694829903 | ||
| 040 | |a DLC |b eng |c DLC |d BTCTA |d JP3 |d OLC |d MNY |d LF8 |d EHH |d MCW |d BDX |d UIU |d LPL |d UBY |d YDXCP |d UtOrBLW | ||
| 043 | |a e------ | ||
| 049 | |a TXAM | ||
| 050 | 0 | 0 | |a D804.66.W35 |b B67 2012 |
| 082 | 0 | 0 | |a 940.53/18092 |a B |2 22 |
| 100 | 1 | |a Borden, Louise. | |
| 245 | 1 | 0 | |a His name was Raoul Wallenberg : |b courage, rescue, and mystery during World War II / |c by Louise Borden. |
| 264 | 1 | |a Boston : |b Houghton Mifflin, |c 2012. | |
| 300 | |a 135 pages : |b illustrations, maps ; |c 27 cm. | ||
| 336 | |a text |b txt |2 rdacontent | ||
| 337 | |a unmediated |b n |2 rdamedia | ||
| 338 | |a volume |b nc |2 rdacarrier | ||
| 520 | |a An amazing and inspirational World War II story about how one man saved the lives of many. | ||
| 504 | |a Includes bibliographical references and index. | ||
| 505 | 0 | |a Sweden, 1912-1922 -- Travels, 1923-1930 -- America, 1931-1935 -- Citizen of the world, 1935-1940 -- War in Europe, 1940-1944 -- The Jews of Hungary, March-June 1944 -- Mission to Budapest, May-July 1944 -- Architect of hope, July 1944 -- Schutzpasse & Swedish houses, August-October 15, 1944 -- The terror of the Arrow Cross, October 15-November 1944 -- The winter death marches, November 1944 -- The terrible siege, December 1944-January 17, 1945 -- The mystery of Raoul Wallenberg's fate, 1945 to the present -- Others who have made a difference -- More of Raoul Wallenberg's life story. | |
| 600 | 1 | 0 | |a Wallenberg, Raoul, |d 1912-1947 |v Juvenile literature. |
| 650 | 0 | |a Righteous Gentiles in the Holocaust |v Biography |v Juvenile literature. | |
| 650 | 0 | |a Holocaust, Jewish (1939-1945) |v Juvenile literature. | |
| 650 | 0 | |a World War, 1939-1945 |x Jews |x Rescue |v Juvenile literature. | |
| 650 | 0 | |a Righteous Gentiles |z Sweden |v Biography |v Juvenile literature. | |
| 600 | 1 | 1 | |a Wallenberg, Raoul, |d 1912-1947. |
| 650 | 1 | |a Righteous Gentiles in the Holocaust |v Biography. | |
| 650 | 1 | |a Holocaust, Jewish (1939-1945) | |
| 650 | 1 | |a World War, 1939-1945 |d Jews |x Rescue. | |
| 650 | 1 | |a Righteous Gentiles |z Sweden |v Biography. | |
| 856 | 4 | 2 | |3 Contributor biographical information |u http://catdir.loc.gov/catdir/enhancements/fy1205/2011003451-b.html |t 0 |
| 856 | 4 | 2 | |3 Publisher description |u http://catdir.loc.gov/catdir/enhancements/fy1205/2011003451-d.html |t 0 |
| 938 | |a Baker and Taylor |b BTCP |n BK0009492241 | ||
| 938 | |a Brodart |b BROD |n 12874752 |c $18.99 | ||
| 938 | |a YBP Library Services |b YANK |n 8629717 | ||
| 947 | |a A14835928442 | ||
| 945 | |a PromptCat |b 203635 | ||
| 946 | |a curr | ||
| 994 | |a 92 |b TXA | ||
| 948 | |a Cataloged |b h |c 2013/2/15 |d c |e EGrant | ||
| 999 | |a MARS | ||
| 999 | f | f | |s f453a21d-345c-3b79-9c84-12cca4744743 |i b84aad20-183d-34de-9b43-4320e6d2d340 |t 0 |
| 952 | f | f | |p normal |a Texas A&M University |b College Station |c Sterling C. Evans Library |d Evans: Curriculum Collection (4th floor) |t 0 |e D804.66.W35 B67 2012 |h Library of Congress classification |i unmediated -- volume |m A14835928442 |
| 998 | f | f | |a D804.66.W35 B67 2012 |t 0 |l Evans: Curriculum Collection (4th floor) |